Carregant...
Devil in prinstripes
| Autor principal: | |
|---|---|
| Format: | Printed Book |
| Idioma: | English |
| Publicat: |
New Delhi
Rupa and Co.
2010
|
| Matèries: |
| LEADER | 00549nam a22001697a 4500 | ||
|---|---|---|---|
| 005 | 20151026133012.0 | ||
| 008 | 110418t xxu||||| |||| 00| 0 eng d | ||
| 080 | |a F |b SUB/D | ||
| 100 | |a Subramanian, Ravi |9 15475 | ||
| 245 | |a Devil in prinstripes | ||
| 300 | |a 279p. | ||
| 653 | |a Fiction - English literature | ||
| 942 | |c BK |6 _ | ||
| 260 | |a New Delhi |b Rupa and Co. |c 2010 |9 15476 | ||
| 020 | |a 9788129115515 | ||
| 999 | |c 61302 |d 61302 | ||
| 952 | |0 0 |1 0 |2 udc |4 0 |6 F_SUBD |7 0 |9 73825 |a UL |b UL |c GEN |d 2011-04-18 |l 14 |o F SUB/D |p 00064561 |r 2014-10-28 |s 2014-10-08 |w 2011-04-18 |y BK | ||